000 00525pab a2200181 454500
008 180718b2010 xxu||||| |||| 00| 0 eng d
100 _aHanna, Rema
245 _aUS environmental regulation and FDI: evidence from a panel of US-based multinational firms
260 _c2010
300 _ap.158-89.
362 _aJul
650 _aTransnational corporations
650 _aForeign investment
650 _aEnvironmental policy
773 _aAmerican Economic Journal: Applied Economics
908 _aN
909 _a87522
999 _c87522
_d87522